|
|
|
|
| LEADER |
00000nab a2200000 a 4500 |
| 001 |
vtls000463117 |
| 003 |
SK-MaSNL |
| 005 |
20260305020251.0 |
| 008 |
250424c1990 xo 0 slo |
| 015 |
|
|
|a SNBRA19rr/mm-uuuuu
|
| 035 |
|
|
|a CL0463250
|
| 035 |
|
|
|a urn:nbn:sk:snk-abazk
|
| 035 |
|
|
|a (urnnbn)urn:nbn:sk:snk:ar-a04djm
|
| 035 |
|
|
|a (uuid)ba921fe7-d2c2-4c40-bee7-5a1066ae7c7d
|
| 040 |
|
|
|a SNKBUCL
|b slo
|c SNKBUCL
|e AACR2
|
| 041 |
0 |
|
|a slo
|
| 044 |
|
|
|a xo
|c SK
|
| 080 |
|
|
|a 903.4"63/65":904:911.372:902
|2 1981
|
| 080 |
|
|
|a 904
|2 1981
|
| 080 |
|
|
|a 911.372
|2 1981
|
| 080 |
|
|
|a 902
|2 1981
|
| 100 |
1 |
|
|a Javorský, František,
|d 1934-2000
|4 aut
|9 37013
|
| 245 |
1 |
0 |
|a Záchranné výskumy a prieskumy v mestskej pamiatkovej rezervácii Levoča
|c František Javorský
|
| 300 |
|
|
|b Res. nem., rus.
|
| 650 |
0 |
7 |
|a osídlenie
|2 snkbucl
|9 250450
|
| 650 |
0 |
7 |
|a pravek
|2 snkbucl
|9 4261
|
| 650 |
0 |
7 |
|a stredovek
|2 snkbucl
|9 4259
|
| 650 |
0 |
7 |
|a archeologické nálezy
|2 snkbucl
|9 4975
|
| 651 |
|
7 |
|a Levoča (Slovensko)
|2 snkbucl
|9 26696
|
| 655 |
|
7 |
|a články zo zborníkov
|2 snkbucl
|9 166140
|
| 773 |
0 |
|
|t Archeologické výskumy a nálezy na Slovensku v roku 1988
|d Nitra : AÚ SAV, 1990
|g S. 81-84
|
| 850 |
|
|
|a Slovenská národná knižnica
|
| 852 |
|
|
|a Slovenská národná knižnica
|
| 954 |
|
|
|a odborná, vedecká literatúra pôvodná (slovenská)
|2 lita
|
| 957 |
|
|
|a 5409
|
| 958 |
|
|
|a article27
|
| 958 |
|
|
|a RK
|
| 958 |
|
|
|a OND
|
| 958 |
|
|
|a EUIPO
|
| 992 |
|
|
|a RZB
|
| 999 |
|
|
|c 3279823
|d 3281753
|